Về tín ngưỡng ở làng nghề vùng Bắc Thừa Thiên Huế

Na minha lista:
Detalhes bibliográficos
Formato: Livro
Idioma:Vietnamese
Publicado em: H. Văn hóa dân tộc 2011
coleção:ĐTTS ghi: Hội văn nghệ dân gian Việt Nam
Tags: Adicionar Tag
Sem tags, seja o primeiro a adicionar uma tag!
Thư viện lưu trữ: Mạng thư viện Đại học Đà Nẵng
LEADER 00932nam a2200265 4500
001 000016190
003 12584
005 20120725150733.0
008 120725s2011 viesd
041 0 |a vie 
082 |a 390.59749  |b Vêt 
245 0 |a Về tín ngưỡng ở làng nghề vùng Bắc Thừa Thiên Huế  |c Nguyễn Thế 
260 |a H.  |b Văn hóa dân tộc  |c 2011 
300 |a 263 tr.  |c 21 cm. 
490 |a ĐTTS ghi: Hội văn nghệ dân gian Việt Nam 
OWN |a LSP 
AVA |a UDN50  |b LSP  |d 390.59749 Vêt  |e available  |t Error 5001 Not defined in file expand_doc_bib_avail.  |f 1  |g 0  |h N  |i 0  |k 1 
999 |a From the UDN01 
AVA |a UDN50  |b LSP  |d 390.59749 Vêt  |e available  |t Error 5001 Not defined in file expand_doc_bib_avail.  |f 1  |g 0  |h N  |i 0  |k 1 
TYP |a Monograph 
TYP |a Printed language 
980 |a Mạng thư viện Đại học Đà Nẵng